000 00275nam a22000977a 4500
005 20250901165417.0
008 210325b ||||| |||| 00| 0 eng d
050 _aHF5823 .B45 1990
245 _aIntroduction to advertising and promotion management
_cBELCH, GEORGE E.
942 _2lcc
999 _c3537
_d3537